|
|
|
|
| LEADER |
01344nam a2200289 a 4500 |
| 001 |
012649368 |
| 008 |
091116s1997 enka b 001 0 eng d |
| 010 |
|
|
|a 97011575
|
| 020 |
|
|
|a 0803993811
|
| 020 |
|
|
|a 8170366321 (India)
|
| 040 |
|
|
|a DLC
|c DLC
|d UK
|
| 082 |
0 |
4 |
|a 338.642095
|2 22
|
| 245 |
0 |
0 |
|a Small business entrepreneurs in Asia and Europe :
|b towards a comparative perspective /
|c edited by Mario Rutten, Carol Upadhya.
|
| 260 |
|
|
|a London ;
|a New Delhi :
|b Sage,
|c 1997.
|
| 300 |
|
|
|a 334p. :
|c 23 cm.
|
| 500 |
|
|
|a Papers from a workshop on "Asian Entrepreneurs in Comparative Perspective", held at the Centre for Asian Studies Amsterdam, October 5-6, 1995.
|
| 504 |
|
|
|a Includes bibliographical references and index.
|
| 541 |
1 |
|
|e 00008467
|
| 650 |
|
0 |
|a Small business
|z Asia.
|x Case studies
|x Congresses.
|
| 650 |
|
0 |
|a Small business
|z Europe.
|x Case studies
|x Congresses.
|
| 650 |
|
0 |
|a Entrepreneurship
|z Asia.
|x Case studies
|x Congresses.
|
| 650 |
|
0 |
|a Entrepreneurship
|z Europe
|x Case studies
|x Congresses.
|
| 700 |
1 |
|
|a Rutten, Mario.
|
| 700 |
1 |
|
|a Upadhya, Carol,
|d 1956-
|
| 852 |
4 |
|
|a Ayesha Abed Library
|j General Shelf
|
| 999 |
|
|
|c 5575
|d 5575
|
| 952 |
|
|
|0 0
|1 0
|2 ddc
|4 0
|6 338_642095000000000_SMA
|7 0
|9 5471
|a BRACUL
|b BRACUL
|c GEN
|d 2009-11-17
|g 0.00
|l 0
|o 338.642095 SMA
|p 3010008467
|r 2009-11-17
|w 2009-11-17
|y BK
|x No price found in the accession register.
|